000 00450nam a2200181Ia 4500
005 20250704121714.0
008 008 250516s9999 xx 000 0 eng d
020 _a9780349147185
040 _beng
_cSDCL
041 _aeng
_2eng
084 _aO-,3N63 R4
100 _aGladwell, Malcolm
245 0 _aRevenge of the Tipping Point
260 _aUS:
_bHachette,
_c2024.
300 _axi, 352p.
650 _aLiterature
942 _cTEXL
_2CC
999 _c1430825
_d1430825